| 000 | 01141nam a22002417a 4500 | ||
|---|---|---|---|
| 003 | BD-DhSAU | ||
| 005 | 20220524161741.0 | ||
| 008 | 220425b2020 bg bad|| |||| 001 0 eng d | ||
| 040 | _aBD-DhSAU | ||
| 082 |
_222 _a630.715 _bM6969 |
||
| 100 |
_aMithun, Md. Mosaddak Hasan _eRegistration # 18-09167 |
||
| 245 |
_aAdoption of brinjal production technologies by the farmers in Rangpur district / _bMS thesis _cMd. Mosaddak Hasan Mithun |
||
| 260 |
_aSher-e-Bangla Agricultural Uniersity : _bDepartment of Agricultural Extension & Information System ; _c2020 |
||
| 300 |
_ax, 76 p. : _bill. , charts, maps ; _c30 cm. |
||
| 500 | _aMS thesis Department of Agricultural Extension & Information System, Faculty of Agriculture, Sher-e-Bangla Agricultural University, Dhaka, Bangladesh | ||
| 590 | _akobir | ||
| 650 | _aAgricultural Extension & Information System | ||
| 650 |
_aBrinjal production technologies _xRangpur district |
||
| 700 |
_aBashar, Md. Abul _eSupervisor |
||
| 700 |
_aAbdullah, Md. Masum _eCo-Supervisor |
||
| 856 |
_yOnline Access _uhttp://archive.saulibrary.edu.bd:8080/xmlui/handle/123456789/3707 |
||
| 942 |
_2ddc _cTHESIS |
||
| 999 |
_c15831 _d15830 |
||